Nudge
Saved in:
| Main Author: | |
|---|---|
| Format: | Book |
| Published: |
Penguin
|
| Subjects: | |
| Tags: |
No Tags, Be the first to tag this record!
|
MARC
| LEADER | 00000nam a2200000Ia 4500 | ||
|---|---|---|---|
| 005 | 20260427112726.0 | ||
| 526 | |b Economics | ||
| 100 | |a Thaler & Sunstein | ||
| 020 | |a 9780141999937 | ||
| 650 | |a Behavioral Economics | ||
| 526 | |a Bachelors | ||
| 942 | |c BK | ||
| 245 | |a Nudge | ||
| 260 | |b Penguin | ||
| 999 | |c 118 |d 118 | ||
| 952 | |0 0 |1 0 |4 0 |7 0 |8 1 |a BRISTOL |b BRISTOL |d 2026-04-22 |l 0 |p 000033 |r 2026-04-27 11:27:26 |w 2026-04-27 |y BK | ||